000 00451nam a2200181Ia 4500
003 GCL
008 140319s9999 xx 000 0 eng d
040 _aGCL /
_cGCL
082 0 4 _a823
_bE M
100 1 _aELLIOT, GEORGE
245 1 0 _aTHE MILL ON THE FLOSS /
_cELLIOT, GEORGE
260 _a[S.N] :
_bYORK PRESS ،
_c1989
300 _a640 P P
650 0 4 _aENGLISH LITERATURE
650 0 4 _aENGLISH FICTION
650 0 4 _aFICTION
942 _2ddc
_cBK
999 _c18160
_d18160